The Hockey Song Lyrics - Statistics

General Stats
  • This quiz has been taken 71 times
  • The average score is 151 of 239
Answer Stats
Lyrics % Correct
a
95%
Hockey
92%
hockey
92%
go
90%
the
90%
The
90%
"The
90%
can
85%
game.
80%
game,
80%
game
80%
puck
80%
puck,
80%
and
75%
And
75%
best
75%
good
75%
is
75%
it's
75%
ol'
75%
We
75%
you
75%
on
73%
name.
69%
name,
69%
Night
69%
Where
69%
where,
69%
Oh!
68%
Oh
68%
ice.
66%
out
66%
tonight.
66%
we're
66%
air,
64%
down
63%
Hello
63%
in!
63%
there,
63%
goes
61%
players
56%
players,
56%
period.
54%
blows,
51%
"Bobby
51%
Second
51%
scores!",
49%
whistle
49%
all
46%
home
46%
team
46%
fans
44%
roars,
42%
Someone
42%
Third
42%
up,
42%
win
42%
goalie
41%
insane.
41%
they
41%
They
41%
at
39%
skates
39%
bump
37%
of
36%
take
36%
like
34%
one-
34%
one
34%
Tension
34%
bees,
32%
bumble
32%
me
32%
rink.
32%
jumps,
31%
line.
31%
Stanley
31%
who
31%
wins!",
31%
with
31%
Cup,
29%
grows,
29%
too!
29%
behind.
27%
crease
27%
flame.
27%
for
27%
Last
27%
playoff
27%
trails
27%
travel
27%
burning
25%
dash,
25%
storm
25%
bursting
24%
off
24%
slide,
24%
across
22%
aflash,
22%
face
22%
inside,
22%
see
22%
stick,
22%
them
22%
drink.
20%
filled
20%
But
19%
grab
19%
champs
17%
scream.
14%
flick,
12%
they're
12%
final
10%
gigantic
10%
Now
5%
No matching quizzes found
Score Distribution
Percent of People with Each Score
Percentile by Number Answered
Your Score History
You have not taken this quiz